Oraçao ao pao / (Record no. 185685)

MARC details
000 -LEADER
campo de control de longitud fija 00526nam a2200169 i 4500
001 - NÚMERO DE CONTROL
campo de control 185685
003 - IDENTIFICADOR DE NÚMERO DE CONTROL
campo de control ES-MaACL
005 - FECHA Y HORA DE LA ÚLTIMA TRANSACCIÓN
campo de control 20230906222509.0
008 - DATOS DE LONGITUD FIJA--INFORMACIÓN GENERAL
campo de control de longitud fija 160803q18901899po |||| | por d
080 ## - NÚMERO DE LA CLASIFICACIÓN DECIMAL UNIVERSAL
Número de la Clasificación Decimal Universal 821.134.3-14"19"
100 1# - ENTRADA PRINCIPAL--NOMBRE DE PERSONA
Nombre de persona Junqueiro, Guerra (
Fechas asociadas al nombre 1850-1923)
9 (RLIN) 60518
245 10 - MENCIÓN DEL TÍTULO
Título Oraçao ao pao /
Mención de responsabilidad, etc. Guerra Junqueiro.
250 ## - MENCION DE EDICION
Mención de edición 2ª ed.
260 ## - PUBLICACIÓN, DISTRIBUCIÓN, ETC.
Lugar de publicación, distribución, etc. Porto :
Nombre del editor, distribuidor, etc. Chardron, de Lello & Irmao,
Fecha de publicación, distribución, etc. [189-?]
300 ## - DESCRIPCIÓN FÍSICA
Extensión 19 p. ;
Dimensiones 23 cm.
852 ## - LOCALIZACIÓN
Ubicación ES-MaACL
Número de control de estantería G-6087(7)
Nota libre .- Enc. en un vol. facticio de obras del autor
Holdings
Estatus retirado Estado de pérdida Estado de daño No para préstamo Colección Biblioteca de origen Biblioteca actual Ubicación en estantería Fecha de adquisición Fuente de adquisición Total de préstamos Signatura topográfica completa Código de barras Visto por última vez Precio de reemplazo Tipo de ítem Koha
        Libros del s. XIX Biblioteca del Ateneo de Madrid Biblioteca del Ateneo de Madrid Depósito 2 03/08/2016     G-6087(7) 1195735 23/02/2023 23/02/2023 Libro impreso antiguo